000 nam a22 7a 4500
999 _c8101
_d8101
008 171128b xxu||||| |||| 00| 0 eng d
020 _a8172452977
100 _aYates.K.etal.
_94546
245 _aTae Kwon Do Basics
260 _aNew Delhi
_bG.W.P.